A bad case of tattle tongue (Record no. 1661)
[ view plain ]
| 000 -LEADER | |
|---|---|
| fixed length control field | 01724cam a22002658i 4500 |
| 005 - DATE AND TIME OF LATEST TRANSACTION | |
| control field | 20231122161237.0 |
| 020 ## - INTERNATIONAL STANDARD BOOK NUMBER | |
| Canceled/invalid ISBN | 9780974778983 |
| 040 ## - CATALOGING SOURCE | |
| Original cataloging agency | DLC |
| Language of cataloging | eng |
| Transcribing agency | DLC |
| Description conventions | rda |
| 050 00 - LIBRARY OF CONGRESS CALL NUMBER | |
| Classification number | PZ7.C777 |
| 082 00 - DEWEY DECIMAL CLASSIFICATION NUMBER | |
| Edition number | 372.37 |
| 100 1# - MAIN ENTRY--PERSONAL NAME | |
| Personal name | Cook, Julia |
| Dates associated with a name | 1964- |
| Relator term | author. |
| 245 12 - TITLE STATEMENT | |
| Title | A bad case of tattle tongue |
| Statement of responsibility, etc. | written by Julia Cook ; illustrated by Anita DuFalla |
| 260 ## - PUBLICATION, DISTRIBUTION, ETC. | |
| Name of publisher, distributor, etc. | CTC Publishing |
| Place of publication, distribution, etc. | Warrenton : |
| Date of publication, distribution, etc. | 2006 |
| 300 ## - PHYSICAL DESCRIPTION | |
| Extent | 32 pages : |
| Other physical details | color illustrations ; |
| Dimensions | 21 cm |
| 505 ## - FORMATTED CONTENTS NOTE | |
| Formatted contents note | K <br/> |
| 520 ## - SUMMARY, ETC. | |
| Summary, etc. | A Book that Helps Kids Learn the Difference Between Tattling and Telling No one likes "Josh the Tattler" because he tattles way too much. He tattles on his classmates, his brother, and even his dog! But one night Josh wakes up to find that his tongue is very long, yellow, covered in bright purple spots, and Itchy, Itchy, Scratchy, Scratchy... Will a bad case of Tattle Tongue teach him a lesson? A Bad Case of Tattle Tongue gives teachers and counselors a humorous, cleverly creative way to address the time-consuming tattling-related issues that often sap classroom energy and thwart teaching opportunities. Parents who "battle the tattle" at home, on the playground, in the grocery store, or anywhere else can use this book to both entertain and enlighten their children about "The Tattle Rules." Every adult who desires to help children understand the differences between tattling and the need to warn others about important matters needs this book!. |
| 521 ## - TARGET AUDIENCE NOTE | |
| Target audience note | 510 <br/> |
| Source | Lexile <br/> |
| 521 ## - TARGET AUDIENCE NOTE | |
| Target audience note | K <br/> |
| Source | Raz-Plus <br/> |
| 650 #1 - SUBJECT ADDED ENTRY--TOPICAL TERM | |
| Topical term or geographic name entry element | Talebearing |
| Form subdivision | Fiction. |
| 650 #1 - SUBJECT ADDED ENTRY--TOPICAL TERM | |
| Topical term or geographic name entry element | Schools |
| Form subdivision | Fiction. |
| 700 1# - ADDED ENTRY--PERSONAL NAME | |
| Personal name | DuFalla, Anita |
| Relator term | illustrator |
| 906 ## - LOCAL DATA ELEMENT F, LDF (RLIN) | |
| a | 7 |
| b | rip |
| c | orignew |
| d | 1 |
| e | ecip |
| f | 20 |
| g | y-gencatlg |
| 942 ## - ADDED ENTRY ELEMENTS (KOHA) | |
| Source of classification or shelving scheme | Dewey Decimal Classification |
| Koha item type | Books |
| Suppress in OPAC | No |
| 999 ## - | |
| -- | 1661 |
| -- | 1661 |
| Withdrawn status | Lost status | Source of classification or shelving scheme | Damaged status | Not for loan | Collection | Home library | Current library | Shelving location | Date acquired | Total Checkouts | Full call number | Barcode | Date last seen | Date last checked out | Price effective from | Koha item type |
|---|---|---|---|---|---|---|---|---|---|---|---|---|---|---|---|---|
| Dewey Decimal Classification | Juvenile Fiction | Footprints International School Library Network Toul Kork Campus | Footprints International School Library Network Toul Kork Campus | 09/13/2023 | 5 | COO Fic PZ7.C777 | FIS04980 | 09/18/2024 | 09/04/2024 | 09/13/2023 | Books |
